Joueurs passés par l’AS Rome - Mort subite - Statistiques

Statistiques générales
  • Ce quiz a été pris 199 fois
  • Le résultat moyen est 14 sur 20
Answers on the Grid
Answers color-coded by a green-red scale on the quiz's grid according to % correct below.
Francesco Totti
Antonio Cassano
Daniele De Rossi
Lorenzo Pellegrini
Mohamed Salah
Alisson
Wojciech Szczęsny
Manu Koné
Paulo Dybala
Edin Džeko
Kostas Manolas
Chris Smalling
Stephan El Shaarawy
Riccardo Calafiori
Cafu
Kevin Strootman
Javier Pastore
Marquinhos
Miralem Pjanić
Mehdi Benatia
Mario Mandžukić
Gianluigi Buffon
Breel Embolo
Andrea Pirlo
Antoine Griezmann
Pavel Nedvěd
Paolo Maldini
Sergio Busquets
Gonzalo Higuaín
Scott McTominay
Wayne Rooney
Odilon Kossounou
Raheem Sterling
Nani
Mattéo Guendouzi
Roberto Baggio
 
Statistiques - réponses
Réponse % Correct
Francesco Totti
86%
Stephan El Shaarawy
86%
Paulo Dybala
84%
Edin Džeko
82%
Daniele De Rossi
79%
Miralem Pjanić
78%
Mohamed Salah
78%
Alisson
77%
Manu Koné
77%
Chris Smalling
75%
Kevin Strootman
75%
Kostas Manolas
74%
Lorenzo Pellegrini
71%
Javier Pastore
67%
Marquinhos
65%
Wojciech Szczęsny
58%
Mehdi Benatia
49%
Cafu
47%
Antonio Cassano
43%
Riccardo Calafiori
29%
Aucun quiz correspondant
Distribution des résultats
% des personnes avec chaque résultat
Percentile par nombre de réponses
Votre historique - résultats
Vous n’avez pas pris ce quiz